|
|
|
|
| LEADER |
01035nam a2200205 a 4500 |
| 001 |
000625381 |
| 003 |
CZ BrMZK |
| 005 |
20020927105834.0 |
| 008 |
020925s1978 xr f cze d |
| 040 |
|
|
|a BOA001
|b cze
|c BOA001
|
| 245 |
0 |
0 |
|a Jan Šoupal :
|b publikace vydaná k slavnosti odhalení pamětní desky s bustou Jana Šoupala, dirigenta Pěveckého sdružení moravských učitelů, vyškovského rodáka, dne 7. října 1978 na budově Besedního domu ve Vyškově /
|c redaktor Svatopluk Souček
|
| 260 |
|
|
|a Vyškov :
|b Muzeum Vyškovska,
|c 1978
|
| 300 |
|
|
|a 31 s.
|
| 500 |
|
|
|a Dostupné též v digitální podobě v aplikaci Kramerius
|
| 700 |
1 |
|
|a Souček, Svatopluk,
|d 1902-1986
|7 ola200201278
|4 edt
|
| 700 |
1 |
|
|a Šoupal, Jan,
|d 1892-1964
|7 jn20000728714
|4 hnr
|
| 856 |
4 |
1 |
|u http://www.digitalniknihovna.cz/mzk/uuid/uuid:cae35fd0-26f5-11e5-8cc8-005056827e52
|y Digitalizovaný dokument
|x NDK
|
| 910 |
|
|
|a BOA001
|b X-0796.410
|
| 990 |
|
|
|a BK
|
| 996 |
6 |
|
|b 2619200025
|c X-0796.410
|l MZK
|r Sklad / do 24 hodin
|n 1
|w 000625381
|u 000010
|a 1
|e BOA001
|j MZK50
|s P
|